| 000 | 01410cam a2200277 i 4500 | ||
|---|---|---|---|
| 003 | SA-RiAUC | ||
| 005 | 20250223052841.0 | ||
| 008 | 250219s1980 su a g 00000 ara c | ||
| 040 |
_aSA-RiAUC _bara _cSA-RiAUC _erda |
||
| 082 | 0 | 4 |
_a253.2 _qSA-RiAUC |
| 090 |
_a253.2 _bا ب ن ر |
||
| 100 | 1 |
_aابن الرفعة، أحمد بن محمد بن علي، _d645-710 هجري _eمؤلف. |
|
| 245 | 1 | 2 |
_aالإيضاح والتبيان في معرفة المكيال والميزان / _cتأليف نجم الدين أبي العباس أحمد بن محمد بن علي بن الرفعة ؛ تحقيق وتقديم محمد أحمد إسماعيل الخاروف. |
| 264 | 1 |
_aمكة المكرمة : _bجامعة الملك عبد العزيز، مركز البحث العلمي وإحياء التراث الإسلامي، _c1980 |
|
| 300 |
_a103 صفحة : _bإيضاحيات ؛ _c23 سم. |
||
| 336 |
_aنص _btxt _2rdacontent _3كتاب |
||
| 337 |
_aبدون وسيط _bn _2rdamedia |
||
| 338 |
_aمجلد _bnc _2rdacarrier |
||
| 440 | 0 |
_aمن التراث الإسلامي _v10 |
|
| 650 | 7 |
_aالمعاملات (فقه إسلامي) _2aucsh |
|
| 650 | 7 |
_aالبيع (فقه إسلامي) _2aucsh |
|
| 650 | 7 |
_aالموازين والمقاييس _2aucsh |
|
| 700 | 1 |
_aالخاروف، محمد أحمد إسماعيل _eمحقق. |
|
| 942 |
_2ddc _cBOOK _n0 |
||
| 949 |
_aSA-JeALM _d250219 _umohamedma123 _n1 |
||
| 999 |
_c6167 _d6167 |
||